The good book on leadership : (Record no. 10167)

MARC details
000 -LEADER
fixed length control field 01352cam a2200337 a 4500
001 - CONTROL NUMBER
control field 14036249
003 - CONTROL NUMBER IDENTIFIER
control field GBCCL
005 - DATE AND TIME OF LATEST TRANSACTION
control field 20241126110726.0
008 - FIXED-LENGTH DATA ELEMENTS--GENERAL INFORMATION
fixed length control field 050714s2005 tnu 000 0 eng
010 ## -
-- 2005298805
020 ## - INTERNATIONAL STANDARD BOOK NUMBER
International Standard Book Number 0805431675
035 ## - SYSTEM CONTROL NUMBER
System control number (OCoLC)ocm58528110
040 ## - CATALOGING SOURCE
Original cataloging agency DLC
Transcribing agency DLC
Modifying agency DLC
050 00 -
-- BS680.L4
-- B67 2005
082 00 - DEWEY DECIMAL CLASSIFICATION NUMBER
Classification number 253
Edition information 22
Item number BOR
100 1# - MAIN ENTRY--PERSONAL NAME
Personal name Borek, John.
9 (RLIN) 17646
245 14 - TITLE STATEMENT
Title The good book on leadership :
Remainder of title case studies from the Bible /
Statement of responsibility, etc. John Borek, Danny Lovett, Elmer Towns.
260 ## - PUBLICATION, DISTRIBUTION, ETC.
Place of publication, distribution, etc. Nashville, Tenn. :
Name of publisher, distributor, etc. Broadman & Holman,
Date of publication, distribution, etc. 2005.
300 ## - PHYSICAL DESCRIPTION
Extent vi, 266 p. ;
Dimensions 23 cm.
504 ## - BIBLIOGRAPHY, ETC. NOTE
Bibliography, etc. note Includes bibliographic references (p. 261-266).
650 #0 - SUBJECT ADDED ENTRY--TOPICAL TERM
Topical term or geographic name entry element Leadership
General subdivision Biblical teaching.
9 (RLIN) 6966
650 #0 - SUBJECT ADDED ENTRY--TOPICAL TERM
Topical term or geographic name entry element Leadership
General subdivision Religious aspects
-- Christianity.
9 (RLIN) 3091
650 #0 - SUBJECT ADDED ENTRY--TOPICAL TERM
Topical term or geographic name entry element Christian leadership
Form subdivision Case studies.
9 (RLIN) 17647
700 1# - ADDED ENTRY--PERSONAL NAME
Personal name Lovett, Danny.
9 (RLIN) 17648
700 1# - ADDED ENTRY--PERSONAL NAME
Personal name Towns, Elmer L.
9 (RLIN) 410
856 42 - ELECTRONIC LOCATION AND ACCESS
Materials specified Contributor biographical information
Uniform Resource Identifier <a href="http://www.loc.gov/catdir/enhancements/fy0902/2005298805-b.html">http://www.loc.gov/catdir/enhancements/fy0902/2005298805-b.html</a>
856 42 - ELECTRONIC LOCATION AND ACCESS
Materials specified Publisher description
Uniform Resource Identifier <a href="http://www.loc.gov/catdir/enhancements/fy0902/2005298805-d.html">http://www.loc.gov/catdir/enhancements/fy0902/2005298805-d.html</a>
906 ## - LOCAL DATA ELEMENT F, LDF (RLIN)
a 7
b cbc
c origres
d 2
e ncip
f 20
g y-gencatlg
942 ## - ADDED ENTRY ELEMENTS (KOHA)
Source of classification or shelving scheme Dewey Decimal Classification
Koha item type Books
Koha issues (borrowed), all copies 1
Holdings
Withdrawn status Lost status Source of classification or shelving scheme Damaged status Not for loan Home library Current Library Shelving location Date acquired Total checkouts Full call number Barcode Date last seen Date last checked out Copy number Price effective from Koha item type
    Dewey Decimal Classification     GRACE BIBLE COLLEGE GRACE BIBLE COLLEGE Ministry & Mission 2024-04-10 2 253 BOR 016713 2025-05-01 2025-01-15 c.1 2024-04-10 Books
© Grace Bible College Library 2025